000 01052nam a2200241Ia 4500
003 OSt
005 20220923220953.0
006 a|||||r|||| 00| 0
007 ta
008 220922b |||||||| |||| 00| 0 hin d
024 _a193,017
037 _cTextual
040 _aARTS
_cARTS
_bhin
041 _2hin
_ahin
082 _aV2:1:N5, 152K1
100 _aजावड़ेकर, शंकर दत्तात्रेय
_9164909
245 0 _aआधुनिक भारत* भारत के राष्ट्रीय पर्व सांस्कृतिक विकास का इतिहास, अनु हरिभाऊ उपाध्याय
246 _aĀdhunik bhārata: bhārat ke rāṣhṭrīya parva sāanskṛutik vikās kā itihāsa, anu0 haribhāū upādhyāya
260 _c1961
490 _aसत्साहित्य प्रकाशन
942 _hV2:1:N5, 152K1
_cTEXL
_2CC
999 _c345518
_d345518